000 00368nam a2200133Ia 4500
008 150202s9999 xx 000 0 und d
020 _a425048543
050 _aFIC
_bFIC
100 _aJose Farmer, Philip.
245 4 _aThe magic labyrinth /
_cPhilip Jose Farmer.
260 _aNew York :
_bBerkley Books,
_c1980.
300 _a400 p. :
_c18 cm.
650 _aFiction.
999 _c282010
_d282010